000 00369pab a2200145 454500
008 180718b1996 xxu||||| |||| 00| 0 eng d
100 _aKshirsagar, Anupama
245 _aThe role of sciences in archaeology
_ba preliminary approach.
260 _c1996
300 _ap.10-13
362 _a1 Apr
650 _aArchaeology
773 _aUniversity News
909 _a30822
999 _c30822
_d30822